Французско-русский словарь: 51 000 слов

Библиографические подробности
Главный автор: Ганшина К. А. Клавдия Александровна
Примечания:На переплете автор не указан
Язык:русский
французский
Опубликовано: Москва, Русский язык, 1977
Издание:7-е изд., стер.
Предметы:
Формат: Книга
Запись в KOHA:https://koha.lib.tpu.ru/cgi-bin/koha/opac-detail.pl?biblionumber=34389

MARC

LEADER 00000nam0a2200000 4500
001 34389
005 20231101210231.0
035 |a (RuTPU)RU\TPU\book\34780 
035 |a BOOK00001431 
090 |a 34389 
100 |a 20011210d1977 m y0rusy50 ca 
101 0 |a rus  |a fre 
102 |a RU 
105 |a y e 001zy 
200 1 |a Французско-русский словарь  |d Dictionnaire francais-russe  |e 51 000 слов  |f К. А. Ганшина 
205 |a 7-е изд., стер. 
210 |a Москва  |c Русский язык  |d 1977 
215 |a 911 с. 
300 |a На переплете автор не указан 
320 |a Библиография: с. 6 (25 назв.) 
606 1 |a Французский язык  |x Словари  |2 stltpush  |3 (RuTPU)RU\TPU\subj\16828  |9 42728 
610 1 |a французско-русские словари 
686 |a Ш147.11-4  |v LBC/SL-A  |2 rubbk 
700 1 |a Ганшина  |b К. А.  |g Клавдия Александровна 
801 0 |a RU  |b 63413507  |c 20011210  |g PSBO 
801 2 |a RU  |b 63413507  |c 20201211  |g PSBO 
942 |c BK